Teoría del conocimiento /
La presente exposición de la teoría del conocimiento se distingue de las usuales desde tres puntos de vista. En primer término, porque pone el método fenomenológico al servicio de la teoría del conocimiento. En segundo, porque plantea una discusión detenida del problema de la intuición. Finalmente,...
Guardat en:
| Autor principal: | |
|---|---|
| Format: | Llibre |
| Idioma: | espanyol |
| Publicat: |
México :
Editores Mexicanos Unidos,
1978, c1978
|
| Col·lecció: | (Ciencias Sociales ;
27) |
| Matèries: | |
| Etiquetes: |
Sense etiquetes, Sigues el primer a etiquetar aquest registre!
|
MARC
| LEADER | 00000nam^a2200000^a^4500 | ||
|---|---|---|---|
| 001 | 000173160 | ||
| 005 | 20250521000000.0 | ||
| 009 | 20260310101445.13 | ||
| 020 | |a 968-15-0250-7 | ||
| 037 | |a Acervo ITESO - Biblioteca | ||
| 041 | |a ESP | ||
| 082 | |a 121. |b HES | ||
| 100 | |a Hessen, Johannes |e (autor) | ||
| 240 | 1 | 1 | |a [Teoría del conocimiento, de Johannes Hessen] |
| 245 | 1 | 0 | |a Teoría del conocimiento / |c J. Hessen ; tr. por José García. |
| 264 | 4 | |a México : |b Editores Mexicanos Unidos, |c 1978, c1978 | |
| 300 | |a 183 p. | ||
| 336 | |a texto |b txt |2 rdacontenido | ||
| 337 | |a sin mediación |b n |2 rdamedio | ||
| 338 | |a volumen |b nc |2 rdasoporte | ||
| 440 | 1 | |a (Ciencias Sociales ; |v 27) | |
| 500 | |a Traducción de: Wisseuslehre | ||
| 520 | |a La presente exposición de la teoría del conocimiento se distingue de las usuales desde tres puntos de vista. En primer término, porque pone el método fenomenológico al servicio de la teoría del conocimiento. En segundo, porque plantea una discusión detenida del problema de la intuición. Finalmente, porque desenvuelve la teoría especial del conocimiento. | ||
| 649 | |a XX | ||
| 650 | |a Intuición | ||
| 650 | |a Epistemología - |x Tema Principal | ||
| 650 | |a Fenomenología | ||
| 650 | |a Intuicionismo | ||
| 650 | |a Filosofía del Siglo XX | ||
| 650 | |a Filosofía Alemana | ||
| 910 | |a Fondo Armando Suárez Gómez | ||
| 920 | |a Impresos - Libros | ||
| 930 | |a Fondos Especiales | ||
| 905 | |a 111 | ||
| 901 | |a 0700000923 |b IT2 |c ESP |u 20250521 | ||
| 902 | |a https://opac.biblio.iteso.mx/vufind/Record/000173160 | ||